000 00882nam a2200205Ii 4500
003 JO-AjNU
008 230605s9999||||xx |||||||||||||| ||und||
040 _aJO-AjNU
_bara
_erda
_cJO-AjNU
041 _aara
050 1 4 _aHT 147 .S95 .V55712 2004
100 3 _aتأليف: مجموعة من المؤلفين ؛ اشراف: جان كلود دافيد، محمد الدبيات ؛ ترجمة : محمد الدبيات,
_eauthor
_919252
245 0 0 _aالمدينة في سورية واقاليمها الموروثات والمتحولات= Ville en Syrie et ses territoires
250 _aط1
264 3 1 _aدمشق: دار الجندي للنشر والتوزيع، 2004
300 _a585ص
336 _atext
_btxt
_2rdacontent
337 _aunmediated
_bn
_2rdamedia
338 _avolume
_bnc
_2rdacarrier
650 4 _aالمدن والقرى- سوريا - مؤتمرات
_919253
999 _aA6314
_c9882
_d9882